000 00586nam a2200193 i 4500
001 143435
003 ES-MaACL
005 20230906200818.0
007 t|
008 070214s1923 sp r ||||1| spa d
100 1 _aSenet, Rodolfo.
_9105464
245 1 0 _aEducación de los sentimientos estéticos
_b: origen y evolución /
_cRodolfo Senet.
260 _aMadrid :
_b[s.n.],
_c1923 (
_fTip. Artística)
300 _a276 p. ;
_c18 cm.
490 1 _aActualidades pedagógicas
830 0 _aActualidades pedagógicas
_9182409
852 _aES-MaACL
_jF-4873
999 _c143435
_d143435